Človek v zrkadle frazeológie

Salvato in:
Dettagli Bibliografici
Autore principale: Habovštiaková, K.
Altri autori: Krošláková, Eva
Natura: Libro
Lingua:slovacco
Pubblicazione: Bratislava Tatran 1990
Edizione:1. vyd.
Serie:Čítanie študujúcej mládeže
Tags: Aggiungi Tag
Nessun Tag, puoi essere il primo ad aggiungerne!!

MARC

LEADER 00000nam a2200000 4500
001 c034216
005 20221215070358.2
041 0 |a slo 
044 |a SK 
245 1 0 |a Človek v zrkadle frazeológie  |c K. Habovštiaková, E. Krošláková 
250 |a 1. vyd. 
264 1 |a Bratislava  |b Tatran  |c 1990 
300 |a 217 s. 
490 1 |a Čítanie študujúcej mládeže 
830 0 |a Čítanie študujúcej mládeže 
100 1 |a Habovštiaková, K. 
700 1 |a Krošláková, Eva